Italian Surnames - Sudden Death (B) - Statistics

General Stats
  • This quiz has been taken 19 times
  • The average score is 8 of 15
Answers on the Grid
Answers color-coded by a green-red scale on the quiz's grid according to % correct below.
Bertot
Belli
Barca
Bo
Bocca
Bertin
Berti
Bianchi
Bassani
Bin
Bon
Berlusconi
Benni
Beccaria
Boni
Buch
Bernoulli
Ban
Ben
Bentley
Brooke
Burke
Boris
Braun
Bashi
Baba
Blanqui
Blanc
Bot
Bush
 
Answer Stats
Answer % Correct
Bassani
73%
Benni
73%
Bianchi
73%
Barca
64%
Beccaria
64%
Berlusconi
64%
Berti
64%
Bocca
64%
Belli
55%
Boni
55%
Bertin
27%
Bertot
27%
Bon
27%
Bin
18%
Bo
9%
No matching quizzes found
Score Distribution
Percent of People with Each Score
Percentile by Number Answered
Your Score History
You have not taken this quiz